000 00917nam a2200253 i 4500
001 70584
003 ES-MaACL
005 20230906170847.0
007 t|
008 040728s1969 sp ||||1| spa d
111 2 _aConcurso Literario Popular del Club CCC (
_n9º)
_9137
245 1 0 _a9º Concurso Literario Popular del Club CCC.
260 _aSan Sebastián :
_bCCC,
_c[1969]
300 _a168 p. ;
_c20 cm.
505 8 _aContiene: La caja de Pandora / por Soledad García Ynés. Miscelánea campesina / por Julita González Barba. Rapsodias / por Rosario Barros Peña
700 1 _aGarcía-Ynés, Soledad.
_955455
700 1 _aGonzález Barba, Julita.
_958444
700 1 _aBarros Peña, Rosario.
_926060
740 0 _aNoveno Concurso Literario Popular del Club CCC.
740 3 _aLa Caja de Pandora.
740 0 _aMiscelanea campesina.
740 0 _aRapsodias.
852 _aES-MaACL
_jC-50913
_bR.71468
999 _c70584
_d70584